MARC

LEADER 00000nam0a2200000 4500
001 325917
005 20231102003817.0
035 |a (RuTPU)RU\TPU\book\351533 
090 |a 325917 
100 |a 20161214d1978 k y0rusy50 ca 
101 0 |a rus 
102 |a UA 
105 |a a z 001zy 
200 1 |a Кондиционирование рудничного воздуха в глубоких шахтах  |h Вып. 6  |e сборник научных трудов  |f Макеевский научно-исследовательский институт по безопасности работ в горной промышленности (МакНИИ) 
210 |a Макеевка  |c Изд-во МакНИИ  |d 1978 
215 |a 87 с.  |c ил. 
320 |a Библиография в конце статей 
606 1 |a Воздух в рудниках  |x Кондиционирование  |2 stltpush  |3 (RuTPU)RU\TPU\subj\3317  |9 31755 
610 1 |a глубокие шахты 
610 1 |a хладон 
610 1 |a шахтные течеискатели 
610 1 |a передвижные кондиционеры 
610 1 |a холодильные установки 
610 1 |a местное проветривание 
610 1 |a встроенные вентиляторы 
610 1 |a тупиковые выработки 
610 1 |a тепловой режим 
610 1 |a регулирование 
610 1 |a комбайны 
610 1 |a горные выработки 
610 1 |a тепловой расчет 
610 1 |a охлаждение 
610 1 |a аммиачные компрессоры 
610 1 |a аммиак 
610 1 |a контроль 
610 1 |a специальная одежда 
610 1 |a нормирование 
610 1 |a шахтеры 
675 |a 622.418  |v 4 
712 0 2 |a Макеевский научно-исследовательский институт по безопасности работ в горной промышленности (МакНИИ)  |2 stltpush  |3 (RuTPU)RU\TPU\col\15485 
801 1 |a RU  |b 63413507  |c 20161214 
801 2 |a RU  |b 63413507  |c 20161216  |g RCR 
942 |c BK